Texto escogidos
| Main Author: | |
|---|---|
| Format: | Section = Libro |
| Language: | Undetermined Spanish |
| Published: |
Venezuela
Centro de Información y Documentación (CID)
1980
|
| Subjects: |
| LEADER | 00487nam a2200169Ia 4500 | ||
|---|---|---|---|
| 008 | 240829s9999 xx 000 0 und d | ||
| 040 | |a BIBLIOTECA-RUSB/ 724.9 V718 | ||
| 041 | |a spa | ||
| 082 | |a 724.9 V718 | ||
| 100 | 1 | |a Villanueva, Carlos Raúl | |
| 245 | 1 | 0 | |a Texto escogidos |
| 260 | |a Venezuela |b Centro de Información y Documentación (CID) |c 1980 | ||
| 300 | |a 101 p. :il. | ||
| 650 | 7 | |a ARQUITECTURA MODERNA-SIGLO XX-ENSAYOS-CONFERENCIAS | |
| 942 | |c BK |2 ddc | ||
| 991 | |a TEXTO | ||
| 999 | |c 5223 | ||